LEADER 01360nam a2200313 u 4500 001 000000027866 003 CaOOAMICUS 005 20070226111734.0 008 960222s1995 enkc u000 u fre u 020 $a0860784541 035 $a10724061 040 $aEFR$bita 100 1 $aEsbroeck, Michel van,$cS.I.,$d1934-2003.$0(OLS)http://pul/name/2162 245 10$aAux origines de la Dormition de la Vierge :$bétudes historiques sur les traditions orientales /$cMiche van Esbroeck. 260 $aAldershot :$bVariorum,$c1995. 300 $aviii, 325 p. :$bant. (ritr.) ;$c23 cm 490 1 $aCollected studies series ;$v472 500 $aRecueil d'articles parus dans divers ouvrages. 600 04$aMaria Virgo,$cs.$0(OLS)http://pul/subject/500 830 0$aCollected studies series ;$v472.$0(OLS)http://pul/title/72 850 $aPUL 852 $aPUL$W1$xSL Filosofia 1$y2$m115 H 20$j38771$nBK-PRI$b $qStampati$B38771$CPULBib$Z2$F38771 $H $81 941 1 $a8 960 $aMariologia$9500 960 $aMariologia$9500 961 $aINV: 77784 996 $6020$a0860784541$9(OLS)http://pul/number/34558 996 $6245$aAux origines de la Dormition de la Vierge :$bétudes historiques sur les traditions orientales$9(OLS)http://pul/title/38082 996 $6260$aAldershot :$bVariorum$9(OLS)http://pul/publisher/48078 LEADER 01692nam a2200361 u 4500 001 000000046973 003 CaOOAMICUS 005 20070226114831.0 008 990723s1999 it u000 u ita u 020 $a8839405445 035 $a10830753 040 $aPUL$bita$dPUL 041 1 $aita$hspa 100 1 $aCruz Hernández, Miguel,$d1920-$0(OLS)http://pul/name/34190 240 10$aHistoria del pensamiento en el mundo islámico.$lItaliano.$0(OLS)http://pul/title/63223 245 10$aStoria del pensiero nel mondo islamico.$n1,$pDalle origini al XII secolo in Oriente /$cMiguel Cruz Hernandez ; a cura di B. Chiesa e R. Tottoli. 246 30$aDalle origini al XII secolo in Oriente 260 $aBrescia :$bPaideia,$c1999. 300 $a389 p. ;$c24 cm 490 1 $aPhilosophica (Paideia).$aTesti e studi ;$v3 500 $aContiene bibliografia. 650 4$aFilosofia orientale$xStoria.$0(OLS)http://pul/subject/19864 700 1 $aTottoli, Roberto.$0(OLS)http://pul/name/34191 700 1 $aChiesa, Bruno.$0(OLS)http://pul/name/12445 830 0$aPhilosophica (Paideia).$pTesti e studi ;$v3.$0(OLS)http://pul/title/63226 850 $aPUL 852 $aPUL$W1$xSL Religione 1$y3$m7.1.F.66$j62847$nBK-PRI$b $qStampati$B62847$CPULBib$Z2$F62847 $H $81 941 1 $a8 961 $aINV: 80102 996 $6020$a8839405445$9(OLS)http://pul/number/58567 996 $6245$aStoria del pensiero nel mondo islamico.$n1,$pDalle origini al XII secolo in Oriente$9(OLS)http://pul/title/63224 996 $6246$aDalle origini al XII secolo in Oriente$9(OLS)http://pul/title/63225 996 $6260$aBrescia :$bPaideia$9(OLS)http://pul/publisher/47884